Welcome to WEB OPAC of MRSPTU Central Library

Neural networks and learning machines (Record no. 6300)

MARC details
000 -LEADER
fixed length control field 00414nam a2200169Ia 4500
008 - FIXED-LENGTH DATA ELEMENTS--GENERAL INFORMATION
fixed length control field 230711s9999||||xx |||||||||||||| ||und||
020 ## - INTERNATIONAL STANDARD BOOK NUMBER
International Standard Book Number 978-93-325-7031-3
041 ## - LANGUAGE CODE
Language code of text/sound track or separate title ENG
082 ## - DEWEY DECIMAL CLASSIFICATION NUMBER
Classification number 6.3
Item number HA-N
100 ## - MAIN ENTRY--PERSONAL NAME
Personal name Haykin,Simon
245 #0 - TITLE STATEMENT
Title Neural networks and learning machines
250 ## - EDITION STATEMENT
Edition statement 3rd Ed.
260 ## - PUBLICATION, DISTRIBUTION, ETC.
Date of publication, distribution, etc. 2016
Place of publication, distribution, etc. New Delhi
Name of publisher, distributor, etc. Pearson
300 ## - PHYSICAL DESCRIPTION
Extent 918p.
650 ## - SUBJECT ADDED ENTRY--TOPICAL TERM
Topical term or geographic name entry element Electrical Engineering
942 ## - ADDED ENTRY ELEMENTS (KOHA)
Koha item type Book
Holdings
Withdrawn status Lost status Damaged status Not for loan Collection Home library Current library Date acquired Source of acquisition Cost, normal purchase price Inventory number Total checkouts Full call number Barcode Date last seen Price effective from Koha item type Date last checked out
          MRSPTU Central Library MRSPTU Central Library   Krishna Book Distributors 649.00 KBD/2016-2017/961442808   6.3 HA-N 35754 08/17/2023 08/17/2023 Book  
          MRSPTU Central Library MRSPTU Central Library   Krishna Book Distributors 649.00 KBD/2016-2017/961442808   6.3 HA-N 35755 08/17/2023 08/17/2023 Book  
          MRSPTU Central Library MRSPTU Central Library   Krishna Book Distributors 649.00 KBD/2016-2017/961442808 1 6.3 HA-N 35756 09/17/2024 08/17/2023 Book 08/27/2024
          MRSPTU Central Library MRSPTU Central Library   Krishna Book Distributors 649.00 KBD/2016-2017/961442808 1 6.3 HA-N 35757 03/20/2024 08/17/2023 Book 02/07/2024
          MRSPTU Central Library MRSPTU Central Library   Krishna Book Distributors 649.00 KBD/2016-2017/961442808   6.3 HA-N 35758 08/17/2023 08/17/2023 Book  

Website Designed and Developed by MRSPTU Central Library Team

E-mail Id: librarian@mrsptu.ac.in